Jak privatizovat v zemědělství a rozdělit družstevní majetek.
Názory, s ktorými sa stretávame pri rozdelení družstevného majetku v rámci privatizácie. Nespravodlivosť delenia majetku podľa odpracovaných rokov. Návrh ponechať určitú časť družstevného majetku ako rezervu. Rozhodujúci názor majiteľov pôdy.
Na minha lista:
| Autor principal: | |
|---|---|
| Formato: | Capítulo de Livro |
| Idioma: | tcheco |
| Assuntos: | |
| Tags: |
Sem tags, seja o primeiro a adicionar uma tag!
|
MARC
| LEADER | 00000naa a2200000 4500 | ||
|---|---|---|---|
| 001 | r001806 | ||
| 005 | 20221125075822.7 | ||
| 041 | 0 | |a cze | |
| 044 | |a [CS] | ||
| 245 | 1 | 0 | |a Jak privatizovat v zemědělství a rozdělit družstevní majetek. |c J. Nedvědický |
| 520 | |a Názory, s ktorými sa stretávame pri rozdelení družstevného majetku v rámci privatizácie. Nespravodlivosť delenia majetku podľa odpracovaných rokov. Návrh ponechať určitú časť družstevného majetku ako rezervu. Rozhodujúci názor majiteľov pôdy. | ||
| 610 | 2 | 0 | |a privatizácia |
| 610 | 2 | 0 | |a družstvá poľnohospodárske |
| 610 | 2 | 0 | |a vlastníctvo družstevné |
| 610 | 2 | 0 | |a vlastníctvo súkromné |
| 610 | 2 | 0 | |a ČSFR |
| 100 | 1 | |a Nedvědický, J. | |